00263nam a2200109Ia 4500008004100000041001200041082001100053100001300064245006400077260000600141650000600147221030s9999 xx 000 0 und d aEnglish a105.23 aI. Lebow 0aUnderstanding Digital Transmission & Recordingcby I. Lebow c0 aB